Statistics for Stephen A. Smith top 5 QBs of all time

Click here to take the quiz!

General Stats

  • This quiz has been taken 20 times
  • The average score is 5 of 5

Answer Stats

HintAnswer% Correct
1. TBB,NEPTom Brady
100%
5. GBPAaron Rodgers
95%
2. KAN,SFFJoe Montana
95%
4. DEN,INDPeyton Manning
95%
3. DENJohn Elway
85%

Score Distribution

Percentile by Number Answered

Percent of People with Each Score

Your Score History

You have not taken this quiz